dhurandhar songs - Statistics

General Stats
  • This quiz has been taken 17 times
  • The average score is 8 of 15
Answer Stats
Hint Answer % Correct
. aari aari
89%
. lutt le gaya
78%
. naal nachna
78%
. gehra hua
67%
. jaan se guzarte hain
67%
. dhurandhar-title track
56%
. shararat
56%
. fa9la
44%
. ishq jalakar-karvaan
44%
. jaiye sajna
44%
. ramba ho
44%
. run down the city (monica)
44%
. vaari jaavan
33%
. didi-sher-e-baloch
22%
. main aur tu
11%
No matching quizzes found
Score Distribution
Percent of People with Each Score
Percentile by Number Answered
Your Score History
You have not taken this quiz